| 000 | 01248cam a22003011i 4500 | ||
|---|---|---|---|
| 003 | SA-RiAUC | ||
| 005 | 20250413075235.0 | ||
| 008 | 250412s2003 jo g 000 0dara c | ||
| 040 |
_aSA-RiKSU _bara _cSA-RiAUC _erda |
||
| 082 | 0 | 4 |
_a250 _qSA-RiAUC |
| 090 |
_a250 _b ا ب ن ع |
||
| 100 | 1 |
_aابن عمر، محمد صالح، _d1949- _eمؤلف. |
|
| 245 | 1 | 0 |
_aمقاصد الشريعة عند الإمام العز بن عبد السلام / _cمحمد صالح بن عمر. |
| 250 | _aالطبعة الأولى. | ||
| 264 | 1 |
_aعمان، الأردن : _bدار النفائس، _c2003 |
|
| 300 |
_a574 صفحة ؛ _c24 سم |
||
| 336 |
_aنص _btxt _2rdacontent _3كتاب |
||
| 337 |
_aبدون وسيط _bn _2rdamedia |
||
| 338 |
_aمجلد _bnc _2rdacarrier |
||
| 500 | _aالأصل أطروحة دكتوراه. | ||
| 600 | 1 | 7 |
_aابن عبد السلام، عبد العزيز بن عبد السلام بن أبي القاسم، _d577-660 هجري _2aucnm |
| 650 | 7 |
_aالفقه الإسلامي _2aucsh |
|
| 650 | 7 |
_aالشريعة الإسلامية _2aucsh |
|
| 650 | 7 |
_aأصول الفقه الإسلامي _2aucsh |
|
| 650 | 7 | _aمقاصد الشريعة | |
| 942 |
_2ddc _cBOOK _n0 |
||
| 949 |
_aSA-JeALM _d250412 _uosman123 _n1 |
||
| 999 |
_c6965 _d6965 |
||